000 00489nam a2200181Ia 4500
005 20250508151006.0
008 008 250505s9999 xx 000 0 eng d
037 _aTextual
040 _aFEDL
_beng
_cFEDL
041 _aeng
_2eng
084 _a370.1, BRU
_qFEDL
100 _aBrubacher J.S.
_9757199
245 0 _aEclectie philosophy of education
300 _a520p.
650 _aEducation-Philosophy
_921056
942 _cTEXL
_h370.1, BRU
999 _c1326913
_d1326913